00000000nam 2200000zi 4500
0019.945701
003CaOODSP
00520241128094918
006m     o  d f      
007cr bn ||||||||
008241128s2024    onc     ol   f000 0 fre d
040 |aCaOODSP|bfre|erda|cCaOODSP
041 |afre|aeng
043 |an-cn---
0861 |aXB441-421/1-PDF
1101 |aCanada. |bParlement. |bChambre des communes, |eorganisme de publication.
24513|aAn Act to establish a national food cooperative strategy = |bLoi prévoyant l’élaboration d’une stratégie nationale sur les coopératives alimentaires.
24611|aLoi prévoyant l’élaboration d’une stratégie nationale sur les coopératives alimentaires
24613|iTitre abrégé : |aLoi relative à une stratégie nationale sur les coopératives alimentaires
264 1|a[Ottawa] : |bHouse of Commons of Canada = Chambre des communes du Canada, |c2024.
300 |a1 ressource en ligne (ii, 2 pages).
336 |atexte|btxt|2rdacontent/fre
337 |ainformatique|bc|2rdamedia/fre
338 |aressource en ligne|bcr|2rdacarrier/fre
4901 |aProjet de loi C- ... ; |vProjet de loi C-421, 1re session, 44e législature
500 |a« Première lecture le 27 novembre 2024. »
500 |a« M. MacGregror. »
500 |aTitre de la couverture.
520 |a« Le texte prévoit l’élaboration d’une stratégie nationale visant à faciliter l’établissement de coopératives alimentaires au Canada. Il établit également les exigences en matière de rapports sur la stratégie » -- Sommaire, page ii.
546 |aTexte en français et en anglais.
650 6|aCoopératives d'alimentation|xDroit|zCanada|vLégislation.
650 6|aAliments|xApprovisionnement|xPolitique gouvernementale|zCanada.
655 7|aProjets de loi|2rvmgf
788 |tAn Act to establish a national food cooperative strategy = |eeng|w(CaOODSP)9.945692
830#0|aProjet de loi C-...|vProjet de loi C-421, 1re session, 44e législature.|w(CaOODSP)9.500660
85640|qPDF|s97.90 Ko|uhttps://publications.gc.ca/collections/collection_2024/parl/XB441-421-1.pdf
8564 |qHTML|sS.O.|uhttps://www.parl.ca/documentviewer/fr/44-1/projet-loi/C-421/premiere-lecture
986 |a441425